| 000 | 00564nam a2200157 i 4500 | ||
|---|---|---|---|
| 001 | 71636 | ||
| 003 | ES-MaACL | ||
| 005 | 20230906171202.0 | ||
| 007 | t| | ||
| 008 | 040813s1973 fr ||||1| lat d | ||
| 100 | 0 |
_aNantes, Georges de. _984903 |
|
| 245 | 1 | 0 |
_aLiber accusationis...plainte pour hérésie, schisme et scandale au sujet de notre frère dans la foi, la pape Paul Vi, de l'Abbé / _cGeorges de Nantes. |
| 260 |
_a[St. Parres lès Vaudes : _bLa Contre-Reforme Catholique, _c1973] |
||
| 300 |
_a110 p. ; _c27 cm. |
||
| 852 |
_aES-MaACL _jC-55147 _bR.87692 |
||
| 999 |
_c71636 _d71636 |
||